| 000 | 00588nam a2200181 i 4500 | ||
|---|---|---|---|
| 001 | 62885 | ||
| 003 | ES-MaACL | ||
| 005 | 20250809095018.0 | ||
| 007 | t| | ||
| 008 | 031126s1970 sp |||| |dspa d | ||
| 100 | 1 |
_aFernández de Moratín, Leandro, _d1760-1828 _949695 |
|
| 245 | 1 | 0 |
_aMoratín _b: epistolario / _cLeandro Fernández de Moratín. |
| 260 |
_aMadrid : _bJ. Pérez del Hoyo, _c[1970] |
||
| 300 |
_a168 p. ; _c19 cm. |
||
| 600 | 1 | 7 |
_aFernández de Moratín, Leandro, _d1760-1828- _vCorrespondencia _2 _9166718 |
| 852 |
_aES-MaACL _jC-45372 |
||
| 999 |
_c62885 _d62885 |
||